100 questions about Wonder Woman Quiz Stats

 Plays Quiz not verified by Sporcle

Challenge
Share
Tweet
Embed
Score 0/100 Timer 15:00
0 Plays Today
Hint Answer % Correct
Who is the Warrior Princess of comics?Wonder Woman
85.6%
Wonder Woman is published by which comics company?DC Comics
84.6%
What is Wonder Woman's real name?Diana Prince
72.1%
The comic is influenced by what mythology?Greek
59.2%
She was created in what year? 1941
55.2%
Diana's arch enemy, the God of War is...Ares
54.2%
What is Wonder Woman's main weapon?lasso of Truth
53.6%
Diana's father, the God of the Sky is...Zeus
52.4%
Where is Diana from?Themyscira
52%
The queen of the Amazons and Diana's mother is...Hippolyta
52%
Diana is a princess of the...Amazons
50.8%
Diana is a founding member of what superhero team?Justice League of America
50.2%
Who is Diana's original boyfriend?Captain Steve Trevor
48.9%
Who is the Queen of the Gods?Hera
47.6%
Originally, Diana was created from...clay
47.6%
She has the strength of...Demeter
46.1%
What does she use to deflect bullets?indestructible bracelets
45.8%
What is her major mode of transportation?invisible plane
45.1%
She is as wise as...Athena
44.8%
Diana's legendary strongman ally is called...Hercules
44.8%
Who is the cat-like villain with powers from Urzkartaga?Cheetah
43.9%
Who is the God of the Underworld?Hades
43.6%
Wonder Woman is as beautiful as...Aphrodite
42.6%
She is swifter than...Hermes
42.6%
Donna Troy is also known as...Wonder Girl
42.6%
Diana's witch villain of myth is...Circe
42.6%
Who is the God of the Sea?Poseidon
42.3%
Diana has an adopted sister named... Donna Troy
41.7%
Diana's Aunt and Hippolyta's sister is named...Antiope
40.4%
Wonder Woman's costume has which three colors?red, white, and blue
40.4%
What does she throw like a boomerang?Razorsharp Tiara
37%
Who is Diana's ally from Bana-Mighdall?Artemis
36.7%
Who will play her in Dawn of Justice in 2016?Gal Gadot
36.7%
Who is the Amazons' principle goddess?Artemis
36.7%
Hint Answer % Correct
Who played Wonder Woman on television in 1975Lynda Carter
36.1%
What is on her breastplate? eagle
35.1%
This villain can grow to enormous size, she's called...Giganta
30.1%
The telepath psychic who hates women is...Dr. Psycho
29.5%
Queen Hippolyta joined which superhero team?Justice Society of America
27.9%
What was her creator's profession? psychologist, lawyer, and writer
26.3%
Wonder Woman appeared first in what issue?All Star Comics #8
24.1%
Who created Wonder Woman? William and Elizabeth Marston
21.6%
What are Antiope's descendants called?The Lost Tribe of Amazons
21.6%
Her daughter is the 2nd Wonder Girl, named...Cassie Sandsmark
21.3%
Which god did not give Diana a gift?Apollo
21.3%
the goddess of dischord is called...Eris
20.1%
Who is an expert in poisons and toxins? Doctor Poison
19.7%
What villain had his neck snapped by Wonder Woman?Maxwell Lord
19.4%
What was her first cover appearance?Sensation Comics #1
19.4%
Who is Diana's best friend at Holiday College?Etta Candy
19.1%
Who is the bird-like villain with a super scream?Silver Swan
18.8%
Where is the island located? Bermuda Triangle
18.5%
Who made the lasso of Truth? Hephaestus
18.2%
What city does she live in the US?Gateway City
16%
What did they call Zeus's unnamed first child?The First Born
13.8%
What was her Chinese mentor's name?I Ching
12.9%
Who is Zeus's villainous father?Cronus
12.9%
what year did Wonder Woman appear on Ms. Magazine?1972
12.2%
Who is Circe's patron goddess? Hecate
11.6%
Diana has an older half sister named what? Nubia
10.3%
What animal do Amazons ride on the island?kangaroos
10%
Who runs the Museum of Anitquities in Gateway CityHelena Sandsmark
9.7%
Who wrote the Hiketeia?Greg Rucka
9.4%
Ares's twin sons are known as...Deimos and Phobos
9.1%
Who wrote Challenge of the Gods?George Perez
8.8%
Who is Diana's first recurring villain, the Nazi spymaster?Paula von Gunther
8.5%
Who played Wonder Woman in the 1974 tv movie?Cathy Lee Crosby
8.5%
Diana Prince works as what?a nurse
8.2%
Hint Answer % Correct
Who wrote The Circle?Gail Simone
8.2%
What killed Donna Troy?a rogue Superman Robot
7.5%
Who is the Asian Amazon from the Outsiders?Grace Choi
7.5%
Diana's Lex Luthor is named...Veronica Cale
7.2%
Who can warp space-time, and has a crush on Donna?Angle Man
6.9%
Dr. Minerva created the golem named...Genocide
6.9%
Who played her in the Justice League animated series? Susan Eisenberg
6.9%
She also did the voice of Wonder Woman for what videogame?Injustice Gods Among Us
6.3%
Whom did Antiope marry?Theseus
5.3%
Who is Diana's best friend at Themyscira?Mala
5%
What is the lasso made from? Gaea's girdle
4.1%
Who played her in the 2009 animated film?Kerri Russel
4.1%
Who wrote Paradise Lost?Paul Jimenez
4.1%
Who is the demi-god of deceit?Duke of Deception
4.1%
Who trained Diana on Paradise Island? Philippus
3.8%
Who was the 'New Wonder Woman'?Orana
3.4%
What does Diana name her steed?Jumpa
3.4%
The devil who killed Diana is called...Neron
3.1%
Who played Lego Wonder Woman?Cobie Smulders
3.1%
When Diana's villains team up, they are called...Villainy Inc
2.5%
Who wrote The Contest?William Messner-Loebs
2.5%
Sometimes Hercules goes by the name...Harold Champion
2.2%
How can Wonder Woman lose her powers?chaining her bracelets together
2.2%
What does the Amazons protect on Paradise Island?Doom's Doorway
2.2%
Who wrote Spirit of Truth?Paul Dini
2.2%
Adopting and blessing lost girls as Amazons is called...Sending Forth
1.9%
Who are the trio of war goddesses, enemies of the Amazons?The Morrigan
1.6%
Who wrote JLA: League of One?Christopher Moeller
1.6%
who is the ruler of Venturia? Queen Clea
1.3%
Drowning infants are brought to the Amazons by whom?Thetis
0.9%
Who is the chief Amazon healer? Epione
0.9%
Who created Diana's eagle armor? Pallas
0.9%

You're not logged in!

Compare scores with friends on all Sporcle quizzes.
Join for Free
OR
Log In

You Might Also Like...

Show Comments

Extras

Top Quizzes Today


Score Distribution

Your Account Isn't Verified!

In order to create a playlist on Sporcle, you need to verify the email address you used during registration. Go to your Sporcle Settings to finish the process.

Report this User

Report this user for behavior that violates our Community Guidelines.

Details: